000 00607nam a2200181Ia 4500
008 151018s9999 xx 000 0 und d
082 _bRBASDV1276
_a891.464
100 _aना ह आपटे
245 _aसंसारात पडण्यापूर्वी
250 _b5
260 _bबा रा पेंडसे
_c1948
300 _a141
600 _aना ह आपटे
630 _aसंसारात पडण्यापूर्वी
700 _aना ह आपटे
730 _aसंसारात पडण्यापूर्वी
942 _cBOOK
999 _c1003742
_d1003739